| 000 | 00927nam0a22002651 4500 | ||
|---|---|---|---|
| 001 | rc\813892 | ||
| 005 | 20250622002126.0 | ||
| 035 | _a(NLR Aleph) 005996977 | ||
| 090 |
_a7187895 _c7187895 |
||
| 100 | _a20041129d1983 |||y0rusy50 ca | ||
| 101 | 0 | _arus | |
| 102 | _aRU | ||
| 105 | _aa ||||||||| | ||
| 200 | 1 |
_aМенингококковая инфекция _fР.П. Четкарева, Д.Ш. Еналеева, П.С. Гуревич |
|
| 210 |
_aЙошкар-Ола _cМарийское кн. изд-во _d1983 |
||
| 215 |
_a76 с. _cил. _d20 |
||
| 320 | _aБиблиогр.: с. 74-75 | ||
| 700 | 1 |
_aЧеткарева _bР.П. _gРоза Платоновна |
|
| 701 | 1 |
_aЕналеева _bД.Ш. _gДилира Шакировна |
|
| 701 | 1 |
_aГуревич _bП.С. _gПавел Самойлович |
|
| 801 | 0 |
_aRU _bNLR _gpsbo |
|
| 801 | 1 |
_aRU _bELAR _2rusmarc |
|
| 852 |
_aNLR _j84-4/21893 |
||
| 942 | _cBOOK | ||
| 980 | _aNB | ||